Normal view
MARC view
- Sklare, Arnold B
Entry Personal Name
001 - CONTROL NUMBER
- control field: 107604
003 - CONTROL NUMBER IDENTIFIER
- control field: NUST
005 - DATE AND TIME OF LATEST TRANSACTION
- control field: 20230125104202.0
008 - FIXED-LENGTH DATA ELEMENTS
- fixed length control field: 230125|| aca||aabn | a|a d
040 ## - CATALOGING SOURCE
- Original cataloging agency: NUST
- Transcribing agency: NUST
100 ## - HEADING--PERSONAL NAME
- Personal name: Sklare, Arnold B
670 ## - SOURCE DATA FOUND
- Source citation: Work cat.: (NUST)185388: Sklare, Arnold B., The technicain writes: , 1971
